000 00439nab a2200145Ia 4500
003 ES-SlBCS
005 20210601124327.0
008 140529s1996 xxu||||| |||| 00| 0 eng d
041 _aeng
100 1 _aLesko, Nancy
_9139819
245 0 0 _aPast, Present, and future Conceptions of Adolescence
_c Nancy Lesko
650 0 4 _aAdolescencia
_9126119
773 0 _tEducational Theory
_gvol. 46, nº. 4, 1996, págs. 453-472
_wRev1399
942 _cAR
999 _c512998
_d512998